000 01340nam a2200385 a 4500
999 _c41757
_d41757
003 BLK
005 20231121144608.0
008 180408b bul|||||r ||||||| ||bul||
010 _aKNG00045340000
020 _a978-954-28-0867-1
040 _aBLK
041 _aBUL
_cBUL
072 7 _2bullib
_aН83
_xЧужда художествена литература Н
080 _aАнглийска литература
_b821.111
_x-31
_z821.111-31
100 1 _aДжейкъбсън, Хауърд
_eпърви автор
_9277899
139 _aДжейкъбсън, Хауърд
_bД 50
245 1 0 _aВъпросът на Финклер
_cХауърд Джейкъбсън; прев. Деян Кючуков.
257 _aGBR
260 _bСиела Софт енд Паблишинг
_c2011
300 _a400 с.
_c21 см
380 _aX
500 _aОриг. загл. The Finkler Question / Howard Jacobson. Награда Букър 2010.
653 _aромани
659 _aН
700 _aКючуков, Деян Любомиров
_d1969-
_9469012
852 _aЦб 295885
856 4 _qpdf
856 4 _qpdf
942 _cKNG
_n0
_010
_s1
944 _aCR
_c05.01.2012
_lДиана Гривева
_k30529
944 _aED
_c27.03.2013
_lф /
999 _d41757
999 _d41757
999 _d41757